DSP Blockset: for use with Simulink (Record no. 301189)
[ view plain ]
| 000 -LEADER | |
|---|---|
| fixed length control field | 00373 a2200145 4500 |
| 001 - CONTROL NUMBER | |
| control field | 66116 |
| 082 ## - DEWEY DECIMAL CLASSIFICATION NUMBER | |
| Classification number | 519.4128553042MAT |
| 090 ## - LOCALLY ASSIGNED LC-TYPE CALL NUMBER (OCLC); LOCAL CALL NUMBER (RLIN) | |
| -- | 38415 |
| -- | 38415 |
| 100 ## - MAIN ENTRY--PERSONAL NAME | |
| Personal name | The Math Works Inc |
| 245 ## - TITLE STATEMENT | |
| Title | DSP Blockset: for use with Simulink |
| 260 ## - PUBLICATION, DISTRIBUTION, ETC. | |
| Place of publication, distribution, etc. | Natick MA |
| Name of publisher, distributor, etc. | The Math Works Inc |
| Date of publication, distribution, etc. | 1999 |
| 300 ## - PHYSICAL DESCRIPTION | |
| Extent | 70p |
| 500 ## - GENERAL NOTE | |
| General note | MS textbook Avionics |
| 650 ## - SUBJECT ADDED ENTRY--TOPICAL TERM | |
| Topical term or geographic name entry element | Simulink |
| 942 ## - ADDED ENTRY ELEMENTS (KOHA) | |
| Institution code [OBSOLETE] | NUST-CAE |
| Call number prefix | 519.4128553042MAT |
| Withdrawn status | Lost status | Damaged status | Not for loan | Collection code | Permanent Location | Current Location | Date acquired | Total Checkouts | Full call number | Barcode | Date last seen | Price effective from | Koha item type |
|---|---|---|---|---|---|---|---|---|---|---|---|---|---|
| College of Aeronautical Engineering (CAE) | College of Aeronautical Engineering (CAE) | 04/03/2017 | 519.4128553042MAT | CAEN-303 | 04/05/2017 | 04/05/2017 | Book | ||||||
| College of Aeronautical Engineering (CAE) | College of Aeronautical Engineering (CAE) | 04/03/2017 | 519.4128553042MAT | CAEN-305 | 04/05/2017 | 04/05/2017 | Book | ||||||
| College of Aeronautical Engineering (CAE) | College of Aeronautical Engineering (CAE) | 04/03/2017 | 519.4128553042MAT | CAEN-304 | 04/05/2017 | 04/05/2017 | Book |
